000 nam a22 a 4500
999 _c1855
_d1855
005 20170512103836.0
008 170512s2008 my ||||| |||| 00| 0 may d
040 _aAKMAL
082 _a353.17595 KDRM
090 _a353.17595
_bKDRM
245 0 0 _aManual Perisikan.
250 _aEdisi 2008
260 _aTerengganu;
_bPercetakan Nasional Berhad (cawangan) Terengganu
_c2008
300 _a186ms.
_c26cm
650 1 0 _aCustoms administration
_xHandbooks, manuals, etc.
_zMalaysia
_93846
650 2 0 _aEspionage
_xHandbooks, manuals, etc.
_zMalaysia
_93847
710 1 0 _aMalaysia
_bKastam Diraja Malaysia
_92857
942 _2ddc
_cBOOK
950 _lAKMAL